All Team Canada (Women) Players - Statistics

General Stats
  • This quiz has been taken 2 times
  • The average score is 5 of 23
Answer Stats
Hint Answer % Correct
32 Charline Labonte
100%
1 Shannon Szabados
100%
18 Catherine Ward
50%
31 Genevieve Lacasse
50%
10 Gillian Apps
50%
21 Haley Irwin
50%
29 Marie-Philip Poulin
50%
17 Bailey Bram
0%
19 Brianne Jenner
0%
13 Caroline Oullette
0%
11 Courtney Birchard
0%
22 Hayley Wickenheiser
0%
16 Jayna Hefford
0%
9 Jennifer Wakefield
0%
3 Jocelyne Larocque
0%
8 Laura Fortina
0%
5 Lauriane Rougeau
0%
12 Meaghan Mikkelson
0%
2 Meghan Agosta-Marciana
0%
24 Natalie Spooner
0%
6 Rebecca Johnston
0%
26 Sarah Vaillancourt
0%
25 Tessa Bonhomme
0%
No matching quizzes found
Score Distribution
Percent of People with Each Score
Percentile by Number Answered
Your Score History
You have not taken this quiz